01264nam a2200205Ia 4500008004100000020001500041041001200056082001100068100001800079245008600097260004400183300000900227650000800236942000700244999001500251952019800266952019800464952019800662952019800860221030s9999 xx 000 0 und d a0195670922 aEnglish a105.23 aV. R. Moorthi 0aPower Electronics - Devices, Circuits & Industrial Applicationscby V. R. Moorthi bOxfor University PressaNew Delhic2009 a1013 aECE cBK c9226d9226 pBE 10859g375.00i341l0o105.23 eDurga Books, Amritsarr2024-06-13 00:00:00w2022-10-30yBK003Print4070aMIETLIBbMIETLIBcBL-Academic Block C, FL-2, CUP-121, SH-5, R-5d2010-07-0310HBE pBE 10860g375.00i341l0o105.23 eDurga Books, Amritsarr2024-06-13 00:00:00w2022-10-30yBK003Print4070aMIETLIBbMIETLIBcBL-Academic Block C, FL-2, CUP-121, SH-5, R-5d2010-07-0310HBE pBE 10861g375.00i341l0o105.23 eDurga Books, Amritsarr2024-06-13 00:00:00w2022-10-30yBK003Print4070aMIETLIBbMIETLIBcBL-Academic Block A, FL-2, CUP-121, SH-5, R-5d2010-07-0310HBE pBE 10862g375.00i341l0o105.23 eDurga Books, Amritsarr2024-06-13 00:00:00w2022-10-30yBK003Print4070aMIETLIBbMIETLIBcBL-Academic Block C, FL-2, CUP-121, SH-5, R-5d2010-07-0310HBE